Osobitosti účtovníctva a výkazníctva samosprávy v podmienkach Slovenskej republiky diplomová práca

Gespeichert in:
Bibliographische Detailangaben
1. Verfasser: Bódišová, Renáta
Körperschaft: Národohospodárska fakulta EU. Katedra financií
Weitere Verfasser: Šabíková, Ingrid
Format: Buch
Sprache:Slowakisch
Veröffentlicht: Bratislava 2014
Tags: Tag hinzufügen
Keine Tags, Fügen Sie das erste Tag hinzu!

MARC

LEADER 00000nbm a2200000 4500
001 0193218
005 20161212094719.7
041 0 |a slo 
044 |a SK 
245 1 0 |a Osobitosti účtovníctva a výkazníctva samosprávy v podmienkach Slovenskej republiky  |b diplomová práca  |c Renáta Bódišová ; školiteľ: Ingrid Šabíková 
264 1 |a Bratislava  |c 2014 
100 1 |a Bódišová, Renáta 
700 1 |a Šabíková, Ingrid 
710 2 |a Národohospodárska fakulta EU. Katedra financií